The Education authorities directory and annual/ (Record no. 12960)
[ view plain ]
| 000 -LEADER | |
|---|---|
| fixed length control field | 01004nam a22001817a 4500 |
| 005 - DATE AND TIME OF LATEST TRANSACTION | |
| control field | 20250616081557.0 |
| 008 - FIXED-LENGTH DATA ELEMENTS--GENERAL INFORMATION | |
| fixed length control field | 250616b |||||||| |||| 00| 0 eng d |
| 020 ## - INTERNATIONAL STANDARD BOOK NUMBER | |
| International Standard Book Number | 0900640073 |
| 050 ## - LIBRARY OF CONGRESS CALL NUMBER | |
| Classification number | LZ915 |
| Item number | E3 1976 |
| 082 ## - DEWEY DECIMAL CLASSIFICATION NUMBER | |
| Classification number | 370.942 |
| Item number | EDU |
| 245 ## - TITLE STATEMENT | |
| Title | The Education authorities directory and annual/ |
| 260 ## - PUBLICATION, DISTRIBUTION, ETC. (IMPRINT) | |
| Place of publication, distribution, etc | London : |
| Name of publisher, distributor, etc | School Government Pub. Co., |
| Date of publication, distribution, etc | 1976 |
| 300 ## - PHYSICAL DESCRIPTION | |
| Extent | xxxvi, 1185p. |
| Other physical details | illustrations ; |
| Dimensions | 23 cm |
| 500 ## - GENERAL NOTE | |
| General note | Issues for <1976> called also: <73rd> year of publication |
| 505 ## - FORMATTED CONTENTS NOTE | |
| Formatted contents note | Government departments, Public offices, examination organizations<br/>Local Education Authorities <br/>Secondary and Middle Schools <br/>Teacher's centres <br/>Further Education Colleges <br/>Polytechnics and Scottish central Institution <br/>Teacher Training Establishment <br/>Universities <br/>Special Schools and Homes for the Handicapped <br/>Special Community Homes <br/>Directors of social services <br/>Careers centers <br/>Public Library Authorities |
| 650 ## - SUBJECT ADDED ENTRY--TOPICAL TERM | |
| Source of heading or term | Education -- Great Britain -- Directories. |
| 942 ## - ADDED ENTRY ELEMENTS (KOHA) | |
| Source of classification or shelving scheme | Dewey Decimal Classification |
| Item type | Books |
| Withdrawn status | Lost status | Source of classification or shelving scheme | Damaged status | Not for loan | Home library | Current library | Shelving location | Date acquired | Inventory number | Total Checkouts | Full call number | Barcode | Date last seen | Copy number | Price effective from | Koha item type | Public note |
|---|---|---|---|---|---|---|---|---|---|---|---|---|---|---|---|---|---|
| Dewey Decimal Classification | Main Library | Main Library | Open Shelves | 16/06/2025 | 7577 | 370.942 EDU | bsu25060023 | 16/06/2025 | 001 | 16/06/2025 | Books | Material available in hard copy |